LEADER 04267nam 2200553 450 001 9910465598503321 005 20200520144314.0 010 $a3-0356-0645-5 024 7 $a10.1515/9783035606454 035 $a(CKB)3710000000656128 035 $a(EBL)4508498 035 $a(MiAaPQ)EBC4508498 035 $a(DE-B1597)454768 035 $a(OCoLC)947084159 035 $a(DE-B1597)9783035606454 035 $a(Au-PeEL)EBL4508498 035 $a(CaPaEBR)ebr11207571 035 $a(CaONFJC)MIL915568 035 $a(PPN)26016478X 035 $a(EXLCZ)993710000000656128 100 $a20160520h20162016 uy 0 101 0 $aeng 135 $aur|n|---||||| 181 $2rdacontent 182 $2rdamedia 183 $2rdacarrier 200 10$aLight earth building $ea handbook for building with wood and earth /$fFranz Volhard 210 1$aBasel, Switzerland :$cBirkha?user,$d2016. 210 4$d©2016 215 $a1 online resource (312 p.) 300 $aDescription based upon print version of record. 311 $a3-0356-0646-3 311 $a3-0356-0634-X 320 $aIncludes bibliographical references and index. 327 $tFrontmatter -- $tContent -- $tForeword -- $t100 Introduction -- $t200 Building materials for light earth -- $t300 Preparation of materials for light earth -- $t400 Wet construction -- $t500 Dry construction -- $t600 Aspects of building construction and finishing -- $t700 Planning and costs -- $t800 Physical properties -- $tProjects -- $tSources and reference literature -- $tPublications of projects -- $tIndex -- $tPicture credits -- $tAbout the author -- $tGlossary 330 $aSeit drei Jahrzehnten gibt es ein wachsendes Interesse am umweltfreundlichen Baustoff Lehm, der seine beispielhafte Nachhaltigkeit schon über Jahrhunderte bewiesen hatte. Gerade der Leichtlehmbau, bei dem Holzskelett- oder Fachwerkwände mit Lehm und Faserstoffen ausgefacht werden, hat besonders gute bauphysikalische Eigenschaften. Dass Lehmbau heute nichts Exotisches mehr an sich hat, ist unter anderem diesem Standardwerk zu verdanken, das den Einsatz dieses ?alten? Baustoffes umfassend und aktuell darstellt. Es enthält neben vielen praktischen Tipps Informationen über konstruktive Vereinfachungen und den Gebrauch von Lehm-Fertigbaustoffen für die zeitgemäße Bauabwicklung. Die Auswahl der Projektebeispiele zeigt die Vielfalt des Baustoffes; Selbstbauprojekte demonstrieren darüber hinaus die einzigartige Möglichkeit, den Leichtlehmbau mit eigenen Händen zu entdecken. Für die 8. Auflage wurde der Beispielteil aktualisiert, die Kapitel ?Planung und Kosten? sowie ?Bauphysik? adaptiert, die Normenangaben wurden auf den neuesten Stand gebracht. Das Buch richtet sich an Bauherren, Architekten und Ingenieure, Hersteller und Handwerker sowie an Selbstbauer. 330 $aThe interest in clay as a building material ? which has proved its sustainable characteristics over centuries ? is growing. Light clay, which is light in weight and easy to work, is presented here as a versatile and forward-looking building material for modern computer-aided timber construction and the renewal of historic timber-framed buildings with clay infill. The balanced building physics properties of the material, which can be controlled through the mixing proportions, make it suitable for resource-efficient building in various different climate zones. Thermal storage, sound insulation, protection against moisture and fire in conventional timber construction are improved, and the construction is simplified. This standard publication describes detailed production methods, includes practical tips for self-building, and demonstrates the application of ready-made materials in modern construction. The book is aimed at architects, engineers, and their clients, as well as for listed building officers, manufacturers, tradesmen and self-builders 606 $aEarth construction 608 $aElectronic books. 615 0$aEarth construction. 676 $a693.2 700 $aVolhard$b Franz$01056101 801 0$bMiAaPQ 801 1$bMiAaPQ 801 2$bMiAaPQ 906 $aBOOK 912 $a9910465598503321 996 $aLight earth building$92490181 997 $aUNINA LEADER 01146nam a2200277 i 4500 001 991001509559707536 005 20020502180703.0 008 950901s1994 it 001 0 ita 020 $a8815045953 035 $ab10859226-39ule_inst 035 $aLE02370376$9ExL 040 $aDip.to Studi Storici$bita 082 04$a352.1646 245 04$aGli archivi del Comune :$bl'organizzazione dell'informazione nell'amministrazione locale /$ca cura di Maria Paola Guerra 260 $aBologna :$bIl Mulino,$c1994 300 $a468 p. ;$c21 cm. 490 0 $aOrganizzazione e funzionamento della pubblica amministrazione ;$v42 650 4$aArchivi comunali$xOrganizzazione 700 1 $aGuerra, Maria Paola 907 $a.b10859226$b23-02-17$c28-06-02 912 $a991001509559707536 945 $aLE027 351.71 GUE01.01$g1$i2027000104093$lle027$og$pE25.00$q-$rl$s- $t0$u0$v0$w0$x0$y.i14090260$z14-06-05 945 $aLE023 352.164 ARC 1 1$g1$i2023000007716$lle023$o-$pE0.00$q-$rl$s- $t0$u0$v0$w0$x0$y.i10969068$z28-06-02 996 $aArchivi del Comune$9703436 997 $aUNISALENTO 998 $ale027$ale023$b01-01-95$cm$da $e-$fita$git $h4$i2